Forth into light : a novel by Gordon Merrick.

Furkejuvvon:
Bibliográfalaš dieđut
Váldodahkki: Merrick, Gordon (Dahkki)
Materiálatiipa: Girji
Giella:eaŋgalasgiella
Almmustuhtton: Los Angeles ; New York : Alyson Books, 1996
Fáddágilkorat: Lasit fáddágilkoriid
Eai fáddágilkorat, Lasit vuosttaš fáddágilkora!

MARC

LEADER 00000nam a22000007i 4500
001 IT\ICCU\UBO\2258337
003 ItRI
005 20260115231832.0
008 030728s1996 xxu|||||| ||||| |||||c
020 |a 155583292X 
040 |b ita  |c importazione bologna sebina 
041 7 |a eng  |2 ISO-639-2 
100 1 |a Merrick, Gordon  |0 IT\ICCU\TO0V\301136  |4 aut 
245 1 0 |a Forth into light :  |b a novel by Gordon Merrick. 
260 |a Los Angeles ;  |a New York :  |b Alyson Books,  |c 1996 
300 |a 279 p. ;  |c 22 cm 
500 |a Sul front.: The sequel to the national best-seller One for the gods. 
942 |2 ddc  |c BK  |n 0 
952 |0 0  |1 0  |4 0  |6 DOC_813_540000000000000_MER  |7 0  |9 13836  |a BO  |b BO  |d 2026-01-15  |i 7574  |l 0  |o DOC 813.54 MER  |p BO7574  |r 2026-01-15 23:18:32  |w 2026-01-15  |x [Sebina 5] [1 v.]  |y BK  |z 1 v. 
999 |c 11908  |d 11908